|
|
|
|
| LEADER |
00000cam a2200000 i 4500 |
| 001 |
1/69979 |
| 008 |
050217s1999 gr | ||| |||| ||gre|| |
| 020 |
|
|
|a 9603253170
|
| 035 |
|
|
|l 10076091
|
| 040 |
|
|
|a GR-MyUa
|b gre
|e AACR2
|
| 041 |
1 |
|
|a gre
|h eng
|
| 082 |
7 |
|
|a 813
|2 (21)
|
| 100 |
1 |
|
|a Ellroy, James,
|d 1948-
|
| 245 |
1 |
0 |
|a Λευκή τζαζ /
|c James Ellroy ; μετάφραση - επίμετρο Ανδρέας Αποστολίδης.
|
| 260 |
|
|
|a Αθήνα :
|b Άγρα,
|c c1999.
|
| 300 |
|
|
|a 513 σ. ;
|c 18 εκ.
|
| 500 |
|
|
|a Τίτλος πρωτοτύπου: White jazz.
|
| 650 |
|
0 |
|a American fiction.
|
| 852 |
|
|
|a INST
|b SYROS
|e 20050217
|h 813 ELL
|p 005500003616
|q 005500003616
|t BK
|y 0
|
| 901 |
|
|
|a BIBL5-2005-1
|
| 922 |
|
|
|a 5ΕΛΗ
|b 200411
|c Βιβλιοθήκη Σύρου
|d Πλάστιγγα
|
| 950 |
|
|
|a 188-2004-11-03
|
| 970 |
|
|
|a Τσουκαλά
|b Αλίκη
|z 18/02/2005
|